I. Применение дизель-моторов большой мощности на центральных электрических станциях (Запись № 10005562)
[ простой вид ]
| 000 -МАРКЕР | |
|---|---|
| контрольное поле | 01318nam0a22003491 4500 |
| 001 - ИДЕНТИФИКАТОР ЗАПИСИ | |
| контрольное поле | RU\NLR\A1SV\76045 |
| 005 - ИДЕНТИФИКАТОР ВЕРСИИ | |
| контрольное поле | 20251203171251.9 |
| 035 ## - ДРУГИЕ СИСТЕМНЫЕ НОМЕРА | |
| Идентификатор записи | (NLR Aleph) 009757535 |
| 100 ## - ДАННЫЕ ОБЩЕЙ ОБРАБОТКИ | |
| Данные общей обработки | 20070118d1925 u y0rusy50 ca |
| 101 0# - ЯЗЫК РЕСУРСА | |
| Язык текста, звукозаписи и т.д. | русский |
| 102 ## - СТРАНА ПУБЛИКАЦИИ ИЛИ ПРОИЗВОДСТВА | |
| Страна публикации | российская федерация |
| 200 1# - ЗАГЛАВИЕ И СВЕДЕНИЯ ОБ ОТВЕТСТВЕННОСТИ | |
| Основное заглавие | I. Применение дизель-моторов большой мощности на центральных электрических станциях |
| Первые сведения об ответственности | Инж.: П.Г.Грудинский и А.М.Литвин |
| Основное заглавие произведения другого автора | II. Эксплуатация реле |
| Первые сведения об ответственности | H.H.Green |
| Последующие сведения об ответственности | Сокр. пер. ст. "Relay Practice", помещ. в "Electric Journal". 1924. № 7 |
| 210 ## - ПУБЛИКАЦИЯ, РАСПРОСТРАНЕНИЕ И ДР. | |
| Место издания, распространения и т.д. | [М.] |
| Имя издателя, распространителя и т. д. | Бюл. МОГЭС |
| Дата издания, распространения и т.д. | [1925] |
| 215 ## - ФИЗИЧЕСКАЯ ХАРАКТЕРИСТИКА | |
| Специфическое обозначение материала и объем | 32 с., 1 л. табл. |
| Другие сведения о физической характеристике | ил. |
| Размеры | 35 см |
| 300 ## - ОБЩИЕ ПРИМЕЧАНИЯ | |
| Текст примечания | Напеч. на пиш. маш. Стеклогр. |
| 620 ## - МЕСТО И ДАТА ПУБЛИКАЦИИ, ИСПОЛНЕНИЯ И Т. Д. | |
| Город | Москва |
| 700 #1 - ИМЯ ЛИЦА - ПЕРВИЧНАЯ ОТВЕТСТВЕННОСТЬ | |
| Начальный элемент ввода | Грудинский |
| Часть имени, кроме начального элемента ввода | П.Г. |
| Даты | 1894- |
| Расширение инициалов личного имени | Петр Григорьевич |
| 701 #1 - ИМЯ ЛИЦА - АЛЬТЕРНАТИВНАЯ ОТВЕТСТВЕННОСТЬ | |
| Начальный элемент ввода | Литвин |
| Часть имени, кроме начального элемента ввода | А.М. |
| Расширение инициалов личного имени | Александр Моисеевич |
| 702 #1 - ИМЯ ЛИЦА - ВТОРИЧНАЯ ОТВЕТСТВЕННОСТЬ | |
| Связь между полями | z01790 |
| Начальный элемент ввода | Грин |
| Часть имени, кроме начального элемента ввода | Г.Г. |
| 790 #1 - ИМЯ ЛИЦА - АЛЬТЕРНАТИВНАЯ ФОРМА | |
| Связь между полями | z01702 |
| Начальный элемент ввода | Green |
| Часть имени, кроме начального элемента ввода | H.H. |
| 801 #0 - ИСТОЧНИК ЗАПИСИ | |
| Страна | российская федерация |
| Организация | NLR |
| Дата составления | 20070118 |
| 899 ## - ДАННЫЕ О МЕСТОНАХОЖДЕНИИ (устаревшее) | |
| Местонахождение | РГБ |
| 899 ## - ДАННЫЕ О МЕСТОНАХОЖДЕНИИ (устаревшее) | |
| Местонахождение | БАН |
| 899 ## - ДАННЫЕ О МЕСТОНАХОЖДЕНИИ (устаревшее) | |
| Местонахождение | РКП |
| 899 ## - ДАННЫЕ О МЕСТОНАХОЖДЕНИИ (устаревшее) | |
| Местонахождение | РГБ |
| 899 ## - ДАННЫЕ О МЕСТОНАХОЖДЕНИИ (устаревшее) | |
| Местонахождение | БАН |
| 899 ## - ДАННЫЕ О МЕСТОНАХОЖДЕНИИ (устаревшее) | |
| Местонахождение | РКП |
| 942 ## - ДОПОЛНИТЕЛЬНЫЕ ЭЛЕМЕНТЫ ЗАПИСИ (АБИС) | |
| Тип экземпляра АБИС | Книга |
| 980 ## - КОЛЛЕКЦИЯ | |
| Название коллекции | Национальная библиография |
| 980 ## - КОЛЛЕКЦИЯ | |
| Название коллекции | Международный сводный каталог русской книги (1918-1926) |
Нет доступных экземпляров.